|
|
|
|
| LEADER |
01064nam a2200301 a 4500 |
| 001 |
AAL7280 |
| 003 |
BD-DhAAL |
| 005 |
20160724145345.0 |
| 008 |
160724s2009 enk b 001 0 eng d |
| 010 |
|
|
|a 96041301
|
| 020 |
|
|
|a 9846431449
|
| 020 |
|
|
|a 0333622456 (hbk)
|
| 020 |
|
|
|a 0333622464 (pbk)
|
| 040 |
|
|
|a DLC
|c DLC
|d DLC
|d BD-DhAAL
|
| 082 |
0 |
0 |
|a 823/.8
|2 20
|
| 245 |
0 |
0 |
|a Jane Eyre /
|c edited by Heather Glen.
|
| 260 |
|
|
|a Dhaka :
|a Hampshire :
|b Friends' Book Corner,
|b MacMillan,
|c 2009.
|
| 300 |
|
|
|a lii, 523 p. ;
|c 20 cm.
|
| 490 |
|
0 |
|a New casebooks
|
| 504 |
|
|
|a Includes bibliographical references (p. 251-255) and index.
|
| 541 |
1 |
|
|e 7280
|
| 600 |
1 |
0 |
|a Brontë, Charlotte,
|d 1816-1855.
|t Jane Eyre.
|9 20181
|
| 650 |
|
0 |
|a Governesses in literature.
|9 20182
|
| 700 |
1 |
|
|a Glen, Heather.
|9 20183
|
| 852 |
4 |
|
|a Savar Campus Library
|j General shelf
|
| 942 |
|
|
|2 ddc
|c BK
|
| 999 |
|
|
|c 37723
|d 37723
|
| 952 |
|
|
|0 0
|1 0
|2 ddc
|4 0
|6 823_000000000000000__8_JAN
|7 0
|9 59434
|a SCL
|b SCL
|c GEN
|d 2016-07-24
|l 14
|m 54
|o 823.8 JAN
|p 3020007280
|r 2026-02-17
|s 2026-02-08
|t 1
|w 2016-07-24
|y BK
|